[Event "4NCL-chT rapid"]
[Site "Daventry"]
[Date "2013.10.05"]
[Round "5.8"]
[White "Bhatia, Kanwal K"]
[Black "Mallon, Gunnar"]
[Result "1-0"]
[WhiteElo "2039"]
[BlackElo "1702"]
[PlyCount "121"]
[EventDate "2013.10.05"]
[EventType "team-swiss (rapid)"]
[EventRounds "7"]
[EventCountry "ENG"]
[SourceTitle "CBM 156 Extra"]
[Source "ChessBase"]
[SourceDate "2013.10.22"]
[SourceVersion "1"]
[SourceVersionDate "2013.10.22"]
[SourceQuality "1"]
[WhiteTeam "Barbican II"]
[BlackTeam "BCM Dragons"]
[WhiteTeamCountry "ENG"]
[BlackTeamCountry "ENG"]

1. d4 d5 2. e3 e5 3. Bb5+ Bd7 4. Nd2 exd4 5. exd4 c5 6. Qe2+ Qe7 7. Bxd7+ Nxd7 8. dxc5 Qxe2+ 9. Nxe2 Bxc5 10. Nb3 Ngf6 11. Nxc5 Nxc5 12. 0-0 0-0 13. Be3 b6 14. Rad1 Rad8 15. Rfe1 h6 16. Nf4 Rfe8 17. Bd4 Rxe1+ 18. Rxe1 Nfe4 19. f3 Ng5 20. Re7 Nge6 21. Bxc5 Nxf4 22. Be3 Ne6 23. c3 Ra8 24. Rd7 Rd8 25. Rxa7 d4 26. cxd4 Nxd4 27. Rb7 Nf5 28. Bxb6 Rd1+ 29. Kf2 Rd2+ 30. Kf1 Rxb2 31. Rb8+ Kh7 32. a4 Ne3+ 33. Ke1 Nxg2+ 34. Kd1 Nf4 35. Bc7 Rxb8 36. Bxb8 Ne6 37. a5 Nd4 38. a6 Nc6 39. a7 Nxa7 40. Bxa7 Kg6 41. Ke2 Kf5 42. Ke3 g5 43. Bb8 h5 44. Bc7 Kg6 45. Ke4 f5+ 46. Ke3 h4 47. f4 g4 48. Kf2 Kf7 49. Bd8 h3 50. Kg3 Kg6 51. Kh4 Kh6 52. Ba5 Kg6 53. Be1 Kh6 54. Kg3 Kg6 55. Kf2 Kf6 56. Ke3 Ke6 57. Kd4 Kd6 58. Bf2 Ke6 59. Kc5 Kf6 60. Kd6 Kg6 61. Ke6 1-0

[Event "4NCL-chT rapid"]
[Site "Daventry"]
[Date "2013.10.05"]
[Round "2.4"]
[White "Talsma, Paul"]
[Black "Mallon, Gunnar"]
[Result "1-0"]
[WhiteElo "2192"]
[BlackElo "1702"]
[PlyCount "81"]
[EventDate "2013.10.05"]
[EventType "team-swiss (rapid)"]
[EventRounds "7"]
[EventCountry "ENG"]
[SourceTitle "CBM 156 Extra"]
[Source "ChessBase"]
[SourceDate "2013.10.22"]
[SourceVersion "1"]
[SourceVersionDate "2013.10.22"]
[SourceQuality "1"]
[WhiteTeam "RSJ"]
[BlackTeam "BCM Dragons"]
[WhiteTeamCountry "ENG"]
[BlackTeamCountry "ENG"]

1. d4 d5 2. c4 e6 3. Nc3 f5 4. g3 Nf6 5. Bg2 c6 6. Nh3 Bd6 7. 0-0 0-0 8. Bf4 Qe7 9. Bxd6 Qxd6 10. c5 Qe7 11. b4 Nbd7 12. f4 b6 13. Qa4 b5 14. Qb3 Ne4 15. Nxe4 fxe4 16. a4 Ba6 17. a5 Nf6 18. Nf2 Kh8 19. g4 Bc8 20. Qg3 a6 21. Ra3 Ra7 22. Qh4 Ng8 23. g5 Nh6 24. Rh3 e5 25. gxh6 Bxh3 26. Qxh3 exf4 27. Ng4 Qe6 28. Qh4 g6 29. Bh3 Qe7 30. Qxe7 Rxe7 31. Ne5 Rf6 32. e3 f3 33. Kf2 g5 34. Rg1 Rxh6 35. Rg3 Rg7 36. Kg1 Rf6 37. Bd7 h5 38. Bxc6 h4 39. Rg4 h3 40. Bxd5 Rf4 41. exf4 1-0

[Event "Sunningdale e2e4 op U2050 05"]
[Site "Sunningdale"]
[Date "2013.05.27"]
[Round "7"]
[White "Mallon, Gunnar"]
[Black "Watson, Darrell"]
[Result "1-0"]
[WhiteElo "1627"]
[BlackElo "1761"]
[PlyCount "152"]
[EventDate "2013.05.24"]
[EventType "swiss"]
[EventRounds "7"]
[EventCountry "ENG"]
[SourceTitle "EXT 2014"]
[Source "ChessBase"]
[SourceDate "2013.11.20"]
[SourceVersion "1"]
[SourceVersionDate "2013.11.20"]
[SourceQuality "1"]

1. c4 Nf6 2. Nc3 g6 3. g3 Bg7 4. Bg2 d6 5. e4 0-0 6. Nge2 c6 7. 0-0 Nbd7 8. d3 a5 9. h3 Rb8 10. Be3 Nc5 11. f4 b5 12. d4 b4 13. e5 Ne8 14. dxc5 bxc3 15. bxc3 Be6 16. cxd6 exd6 17. exd6 Qxd6 18. Qxd6 Nxd6 19. c5 Nf5 20. Bd4 Rb2 21. Bxg7 Kxg7 22. Rf2 Ne3 23. Nd4 Rfb8 24. Nxe6+ fxe6 25. Bxc6 Kf6 26. Re1 Rb1 27. Rfe2 Rxe1+ 28. Rxe1 Nd5 29. Bd7 Nc7 30. Re2 Rb1+ 31. Kf2 Rc1 32. Re3 Rc2+ 33. Re2 Rxc3 34. c6 Ke7 35. h4 Kd6 36. g4 Rh3 37. Kg2 Rxh4 38. Kg3 Rh1 39. Re5 a4 40. Ra5 Rg1+ 41. Kf3 Rf1+ 42. Kg3 Rg1+ 43. Kh3 Rh1+ 44. Kg2 Rh4 45. Kg3 Rh1 46. Rxa4 Re1 47. Rd4+ Kc5 48. Rd2 Re3+ 49. Kf2 Re4 50. Kf3 Rc4 51. Re2 Kd6 52. g5 Rc1 53. Rh2 Rc3+ 54. Kg2 Rc2+ 55. Kg3 Rxh2 56. Kxh2 Kc5 57. Kg3 Kb4 58. Kf3 Ka3 59. Ke4 Kxa2 60. Ke5 Kb3 61. Bxe6+ Kb4 62. Bg8 Kc5 63. Bxh7 Kxc6 64. Bxg6 Kd7 65. Kf5 Ke7 66. Bh5 Kf8 67. Kg6 Kg8 68. Bd1 Kh8 69. Bb3 Nd5 70. f5 Nf4+ 71. Kf7 Ng6 72. Bc2 Ne5+ 73. Ke6 Nc6 74. Kf6 Kg8 75. Bb3+ Kh8 76. g6 Ne7 1-0

[Event "Sunningdale e2e4 op U2050 05"]
[Site "Sunningdale"]
[Date "2013.05.24"]
[Round "1"]
[White "Mallon, Gunnar"]
[Black "Othman, Mustapha"]
[Result "1/2-1/2"]
[WhiteElo "1627"]
[BlackElo "1893"]
[PlyCount "93"]
[EventDate "2013.05.24"]
[EventType "swiss"]
[EventRounds "7"]
[EventCountry "ENG"]
[SourceTitle "EXT 2014"]
[Source "ChessBase"]
[SourceDate "2013.11.20"]
[SourceVersion "1"]
[SourceVersionDate "2013.11.20"]
[SourceQuality "1"]

1. c4 Nf6 2. Nc3 g6 3. g3 d5 4. d4 Bg7 5. Bg2 dxc4 6. e4 c6 7. Nf3 0-0 8. 0-0 Nbd7 9. h3 b5 10. e5 Nd5 11. Nd2 N7b6 12. Nde4 f5 13. Nc5 f4 14. N3e4 Bh6 15. Bd2 a5 16. h4 Nc7 17. Bc1 Ne6 18. Nxe6 Bxe6 19. Nc5 Qc8 20. Nxe6 Qxe6 21. Qf3 Nd5 22. g4 g5 23. h5 Bg7 24. Bd2 b4 25. a3 Rab8 26. axb4 axb4 27. Ra6 c3 28. Rxc6 Qxc6 29. Qxd5+ Qxd5 30. Bxd5+ Kh8 31. bxc3 bxc3 32. Bxc3 Rfc8 33. Ba1 Rb6 34. Kg2 e6 35. Be4 Bf8 36. Rd1 Ba3 37. d5 exd5 38. Rxd5 Bb2 39. Bxb2 Rxb2 40. Rd7 Re8 41. h6 Rb6 42. Rxh7+ Kg8 43. Rg7+ Kh8 44. Rxg5 Rxh6 45. Kf3 Rh2 46. Kxf4 Rxf2+ 47. Ke3 1/2-1/2

[Event "British Universities-ch"]
[Site "High Wycombe"]
[Date "2012.02.25"]
[Round "1"]
[White "Mallon, Gunnar"]
[Black "Martin, Le"]
[Result "0-1"]
[WhiteElo "1553"]
[BlackElo "1976"]
[PlyCount "42"]
[EventDate "2012.02.25"]
[EventType "team-swiss"]
[EventRounds "5"]
[EventCountry "ENG"]
[SourceTitle "CBM 147 Extra"]
[Source "ChessBase"]
[SourceDate "2012.04.24"]
[SourceVersion "1"]
[SourceVersionDate "2012.04.24"]
[SourceQuality "1"]
[WhiteTeam "Southampton II"]
[BlackTeam "Bristol"]
[WhiteTeamCountry "ENG"]
[BlackTeamCountry "ENG"]

1. c4 Nf6 2. Nc3 g6 3. g3 c6 4. e4 d6 5. Bg2 Bg7 6. Nge2 0-0 7. 0-0 e5 8. d3 Na6 9. Bg5 Nc7 10. Qd2 Be6 11. b3 d5 12. exd5 cxd5 13. Rad1 Qd7 14. Bh6 Rad8 15. Bxg7 Kxg7 16. d4 dxc4 17. dxe5 Qxd2 18. Rxd2 Rxd2 19. Nf4 cxb3 20. axb3 b6 21. Rc1 Bxb3 0-1

[Event "BCF-chT3S 1112 (4NCL)"]
[Site "England"]
[Date "2012.01.14"]
[Round "3.4"]
[White "Mallon, Gunnar"]
[Black "Booley, Graham"]
[Result "1-0"]
[WhiteElo "1553"]
[BlackElo "1769"]
[PlyCount "73"]
[EventDate "2011.11.12"]
[EventType "team-swiss"]
[EventRounds "6"]
[EventCountry "ENG"]
[SourceTitle "EXT 2013"]
[Source "ChessBase"]
[SourceDate "2012.11.22"]
[SourceVersion "1"]
[SourceVersionDate "2012.11.22"]
[SourceQuality "1"]
[WhiteTeam "AMCA Cheetahs"]
[BlackTeam "e2e4.org.uk V"]
[WhiteTeamCountry "ENG"]
[BlackTeamCountry "ENG"]

1. c4 e5 2. Nc3 Nc6 3. g3 Nf6 4. Bg2 Be7 5. d3 h6 6. e4 d6 7. Nge2 Be6 8. Be3 Ng4 9. Bd2 Bg5 10. h3 Nf6 11. f4 exf4 12. Nxf4 Qd7 13. Ncd5 Ne5 14. Qc2 Bxd5 15. cxd5 0-0 16. 0-0 Rac8 17. d4 Bxf4 18. Bxf4 Ng6 19. Bxh6 Nh5 20. Bf4 c6 21. dxc6 Rxc6 22. Qf2 Nhxf4 23. gxf4 Rfc8 24. f5 Rc2 25. Qg3 Rxb2 26. fxg6 Rcc2 27. gxf7+ Kf8 28. Bf3 Rh2 29. Qxh2 Rxh2 30. Kxh2 Qa4 31. d5 a5 32. h4 Qd4 33. Bg2 Qe5+ 34. Kh3 Qe7 35. Rfc1 Qd7+ 36. Kh2 Qd8 37. Bh3 1-0